Statistics for Most Populated Cities in the GMT Time Zone

Click here to take the quiz!

General Stats

  • This quiz has been taken 46 times
  • The average score is 13 of 18

Answer Stats

Population City % Correct
14,500,000London
100%
2,550,000Lisbon
91%
1,940,000Rabat
89%
3,000,000Manchester
89%
4,225,000Casablanca
89%
2,100,000Leeds
84%
3,075,000Birmingham
84%
1,640,000Glasgow
84%
4,700,000Accra
82%
1,840,000Liverpool
80%
3,400,000Dakar
78%
1,590,000Freetown
69%
5,200,000Abidjan
64%
1,530,000Sheffield
58%
2,150,000Ouagadougou
58%
2,300,000Conakry
56%
1,900,000Lomé
36%
2,750,000Kumasi
27%

Score Distribution

Percentile by Number Answered

Percent of People with Each Score

Your Score History

You have not taken this quiz